مكتبة جامعة عجلون الوطنية

فهرس بحث المكتبة

مجموعة تشريعات اصول المحاكمات مع جميع تعديلاتها: المجموعة الأولى، قانون أصول المحاكمات - قانون الرسوم والتأمينات القضائية - الاتفاقيات القضائية العربية (Record no. 23889)

MARC details
000 -LEADER
fixed length control field 00905nam a2200205Ii 4500
003 - CONTROL NUMBER IDENTIFIER
control field JO-AjNU
008 - FIXED-LENGTH DATA ELEMENTS--GENERAL INFORMATION
fixed length control field 230605s9999||||xx |||||||||||||| ||und||
040 ## - CATALOGING SOURCE
Original cataloging agency JO-AjNU
Language of cataloging ara
Description conventions rda
Transcribing agency JO-AjNU
041 ## - LANGUAGE CODE
Language code of text/sound track or separate title ara
050 14 - LIBRARY OF CONGRESS CALL NUMBER
Classification number K546.U7264.1967
100 3# - MAIN ENTRY--PERSONAL NAME
Personal name إعداد وأشراف نزار عرابي,
Relator term author
9 (RLIN) 46670
245 00 - TITLE STATEMENT
Title مجموعة تشريعات اصول المحاكمات مع جميع تعديلاتها: المجموعة الأولى، قانون أصول المحاكمات - قانون الرسوم والتأمينات القضائية - الاتفاقيات القضائية العربية
264 31 - PRODUCTION, PUBLICATION, DISTRIBUTION, MANUFACTURE, AND COPYRIGHT NOTICE
Place of production, publication, distribution, manufacture دمشق: مطبعة سميراميس، 1967
300 ## - PHYSICAL DESCRIPTION
Extent 304ص
336 ## - CONTENT TYPE
Content type term text
Content type code txt
Source rdacontent
337 ## - MEDIA TYPE
Media type term unmediated
Media type code n
Source rdamedia
338 ## - CARRIER TYPE
Carrier type term volume
Carrier type code nc
Source rdacarrier
490 0# - SERIES STATEMENT
Series statement المكتبة القانونية
650 #4 - SUBJECT ADDED ENTRY--TOPICAL TERM
Topical term or geographic name entry element اصول المحاكمات
9 (RLIN) 46671
Holdings
Withdrawn status Lost status Source of classification or shelving scheme Damaged status Not for loan Home library Current library Shelving location Date acquired Total Checkouts Full call number Barcode Date last seen Price effective from Koha item type
    Library of Congress Classification     مكتبة جامعة عجلون الوطنية مكتبة جامعة عجلون الوطنية المجموعات العامة 06/06/2023   K546.U7264.1967 A20321 06/06/2023 06/06/2023 Books